| 000 | 00759cam a22001931 4500 | ||
|---|---|---|---|
| 082 | 0 | 0 |
_a370.973 _bCON |
| 100 | 1 |
_aConant, James Bryant, _949747 |
|
| 245 | 1 | 0 |
_aEducation and liberty; _bthe role of the schools in a modern democracy. |
| 260 |
_aCambridge, _bHarvard University Press, _c1953. |
||
| 300 |
_axii, 168 p. _c22 cm. |
||
| 500 | _a"Based on lectures delivered at the University of Virginia under the Page-Barbour Foundation on February 12, 13 [and] 14, 1952." | ||
| 505 | 0 | _aThe Anglo-Saxon tradition.--The American college.--Looking ahead. | |
| 526 |
_a0 _b0 _c0 _d370_973000000000000_CON |
||
| 650 | 0 |
_aEducation and state. _949748 |
|
| 650 | 0 | _aEducation. | |
| 650 | 0 |
_aMCE _9379 |
|
| 710 | 2 |
_aPage-Barbour Foundation. _949749 |
|
| 942 |
_2ddc _cBK |
||
| 999 |
_c552796 _d552796 |
||